Statistiche per Acquisti più costosi Serie A

Clicka qui per fare il quiz!

Statistiche generali

  • Questo quiz è stato fatto 406 volte
  • Il punteggio medio è 5 su 20

Statistiche sulle risposte

SquadraGiocatorePrezzoStagione% Corretto
JuventusHiguain90 mln Euro2016/17
94%
NapoliHiguain39 mln Euro2013/14
94%
InterVieri46,48 mln Euro1999/00
62%
RomaBatistuta36,15 mln Euro2000/01
54%
LazioCrespo56,81 mln Euro2000/01
52%
SampdoriaZapata17 mln Euro2018/19
31%
MilanRui Costa42 mln Euro2001/02
21%
SassuoloZaza10 mln Euro2013/14
20%
CagliariPavoletti10 mln Euro2018/19
15%
VeronaIturbe15 mln Euro2014/15
12%
FiorentinaCuadrado20 mln Euro2013/14
10%
BolognaDestro8,5 mln Euro2015/16
10%
Chievo VeronaPaloschi6,5 mln Euro2012/13
10%
SpalPaloschi2 mln Euro2017/18
10%
AtalantaDe Roon13,5 mln Euro2017/18
7%
CrotoneBudimir2 mln Euro2018/19
4%
TorinoNiang12 mln Euro2018/19
3%
BeneventoIemmello6 mln Euro2018/19
2%
GenoaAcquafresca15 mln Euro2009/10
1%
UdineseFiore9,7 mln Euro1999/00
1%

Distribuzione punteggi

Percentile per numero di risposta

Percentuale di utenti per punteggio

I tuoi punteggi nel tempo

Non hai fatto questo quiz